| 000 | 00920nam a22002297i 4500 | ||
|---|---|---|---|
| 999 |
_c22736 _d22736 |
||
| 003 | AR-CdUCM | ||
| 008 | 231020b20082008pe ||||| |||| 00| 0 spa d | ||
| 040 |
_aMUNICIPALIDAD PROVINCIAL DEL CUSCO _cBIBLIOTECA MUNICIPAL DEL CUSCO |
||
| 041 | _hspa | ||
| 082 |
_a323.1198 / A68 _bA68 |
||
| 100 |
_aArdito Vega, Wilfredo _911709 |
||
| 245 | _aSituación de los Derechos Colectivos de los Pueblos Indígenas - Bolivia-Ecuador-Perú / | ||
| 260 |
_aCusco - Perú : _c2008. |
||
| 300 |
_a58 páginas. : _c24 cm. |
||
| 505 | _aQuienes son indígenas -- Derecho a la tierra -- Derechos políticos -- Derecho a la consulta -- Derechos lingüísticos y culturales -- Lucha contra la discriminación | ||
| 650 |
_aPueblos indígenas _96988 |
||
| 650 |
_aDerecho a la consulta _949227 |
||
| 650 |
_aDerechos políticos _929437 |
||
| 650 |
_aDerechos colectivos _949228 |
||
| 942 |
_2ddc _cLIBROS |
||
| 945 |
_apebm _d2023-10-20 |
||